Vở bài tập toán 5

Vở bài tập toán 5 chủ yếu gồm các bài luyện tập, thực hành có cùng nội dung, mức độ như các bài tập trong sách giáo khoa toán 5. Nhằm đáp ứng nhu cầu phát triển năng lực toán của học sinh, bên cạnh đó sách còn giới thiệu một số dạng b...

Descrizione completa

Salvato in:
Dettagli Bibliografici
Autore principale: Đỗ, Đình Hoan
Natura: Libro
Lingua:Undetermined
Pubblicazione: Hà Nội Giáo dục Việt Nam 2020
Soggetti:
Tags: Aggiungi Tag
Nessun Tag, puoi essere il primo ad aggiungerne! !
Thư viện lưu trữ: Trung tâm Học liệu Trường Đại học Cần Thơ
LEADER 01046nam a2200217Ia 4500
001 CTU_238890
008 210402s9999 xx 000 0 und d
020 |c 13200 
082 |a 372.7076 
082 |b H406/T.2 
100 |a Đỗ, Đình Hoan 
245 0 |a Vở bài tập toán 5 
245 0 |c Đỗ Đình Hoan (Chủ biên) 
260 |a Hà Nội 
260 |b Giáo dục Việt Nam 
260 |c 2020 
520 |a Vở bài tập toán 5 chủ yếu gồm các bài luyện tập, thực hành có cùng nội dung, mức độ như các bài tập trong sách giáo khoa toán 5. Nhằm đáp ứng nhu cầu phát triển năng lực toán của học sinh, bên cạnh đó sách còn giới thiệu một số dạng bài tập kiểu mới. 
650 |a Toán học,Mathematics 
650 |x Dạy và học (Tiểu học),Study and teachinh (Elementary) 
910 |b nthai 
980 |a Trung tâm Học liệu Trường Đại học Cần Thơ